000
00303nam a2200109Ia 4500
100
_a
Anthony J. Parel
245
0
_a
Gandhi’s Philosophy and the Quest for Harmony
264
_b
Cambridge University Press
_c
2006
300
_a
226
942
_c
IR
999
_c
120654
_d
120654